| 000 | 00624nam a2200229Ia 4500 | ||
|---|---|---|---|
| 005 | 20250508164352.0 | ||
| 008 | 008 250505s9999 xx 000 0 hin d | ||
| 020 | _a81-7055-253-2 | ||
| 037 | _aTextual | ||
| 040 |
_aFEDL _beng _cFEDL |
||
| 041 |
_ahin _2eng |
||
| 084 |
_a891.432, DAL _qFEDL |
||
| 100 |
_aDalvi Jayvant _9769462 |
||
| 245 | 0 | _aKalchakra | |
| 260 |
_aNew Delhi, India _bVani Prakashan _c2005 |
||
| 300 | _a116p | ||
| 365 |
_aINR _b65 |
||
| 650 |
_aHindi literature-Drama _9722749 |
||
| 700 |
_a Kharse Damodar _9777962 |
||
| 942 |
_cTEXL _h891.432, DAL |
||
| 999 |
_c1388787 _d1388787 |
||